| 000 | 00440nam a2200181Ia 4500 | ||
|---|---|---|---|
| 001 | 8120 | ||
| 005 | 20260306160545.0 | ||
| 008 | 260306t2001||||xx |||||||||||||| ||spa|| | ||
| 041 | _aESP | ||
| 082 |
_a370.114 _bA59 |
||
| 100 |
_aAnderson, Jeanine _eAUT |
||
| 245 | 0 |
_aYauyos: _bestudio sobre valores y metas de vida |
|
| 260 | _c2001 | ||
| 300 |
_a266 páginas : _c23 cm. |
||
| 650 | _aGEN | ||
| 654 | _aCED | ||
| 942 |
_cLIB _dJUS _fJUS _2ddc _n |
||
| 999 |
_c8120 _d8120 |
||